Automatic control systems / (Record no. 695)

MARC details
000 -LEADER
fixed length control field 00977cam a22003137i 4500
001 - CONTROL NUMBER
control field 19392744
003 - CONTROL NUMBER IDENTIFIER
control field OSt
005 - DATE AND TIME OF LATEST TRANSACTION
control field 20250420134821.0
008 - FIXED-LENGTH DATA ELEMENTS--GENERAL INFORMATION
fixed length control field 161201t20172017nyua b 001 0 eng
010 ## - LIBRARY OF CONGRESS CONTROL NUMBER
LC control number 2016961453
016 7# - NATIONAL BIBLIOGRAPHIC AGENCY CONTROL NUMBER
Record control number 014691461
Source Uk
020 ## - INTERNATIONAL STANDARD BOOK NUMBER
International Standard Book Number 9781259643835
035 ## - SYSTEM CONTROL NUMBER
System control number (OCoLC)on1001514134
040 ## - CATALOGING SOURCE
Original cataloging agency AU@
Language of cataloging eng
Transcribing agency AU@
Description conventions rda
Modifying agency KCST
050 00 - LIBRARY OF CONGRESS CALL NUMBER
Classification number TJ213
Item number .G56 2017
082 04 - DEWEY DECIMAL CLASSIFICATION NUMBER
Classification number 629.8
Edition information 23
Item number Go Au
100 1# - MAIN ENTRY--PERSONAL NAME
Personal name Golnaraghi, M. F.,
Relator term author.
9 (RLIN) 5356
245 10 - TITLE STATEMENT
Title Automatic control systems /
Statement of responsibility, etc. Farid Golnaraghi, Benjamin C. Kuo.
250 ## - EDITION STATEMENT
Edition statement 10
260 #1 - PUBLICATION, DISTRIBUTION, ETC.
Place of publication, distribution, etc. New York
Name of publisher, distributor, etc. McGraw-Hill Education,
Date of publication, distribution, etc. [2017]
300 ## - PHYSICAL DESCRIPTION
Extent xvii, 846 pages :
Other physical details illustrations (some color) ;
Dimensions 27 cm
504 ## - BIBLIOGRAPHY, ETC. NOTE
Bibliography, etc. note Includes bibliographical references and index.
650 #0 - SUBJECT ADDED ENTRY--TOPICAL TERM
Topical term or geographic name entry element Automatic control.
9 (RLIN) 979
650 #0 - SUBJECT ADDED ENTRY--TOPICAL TERM
Topical term or geographic name entry element Control theory.
9 (RLIN) 980
650 #0 - SUBJECT ADDED ENTRY--TOPICAL TERM
Source of heading or term Control theory.
Form subdivision Problems and exercises.
9 (RLIN) 5432
700 1# - ADDED ENTRY--PERSONAL NAME
Personal name Kuo, Benjamin C.,
Dates associated with a name 1930-
Relator term author.
9 (RLIN) 5357
942 ## - ADDED ENTRY ELEMENTS (KOHA)
Koha item type Book
942 ## - ADDED ENTRY ELEMENTS (KOHA)
Source of classification or shelving scheme Dewey Decimal Classification
Holdings
Withdrawn status Lost status Source of classification or shelving scheme Damaged status Not for loan Home library Current library Date acquired Cost, normal purchase price Total checkouts Full call number Barcode Date last seen Cost, replacement price Price effective from Koha item type
    Dewey Decimal Classification     KCST Library KCST Library 09/11/2021 54.29   629.8 Go Au 1000000998 09/11/2021 54.29 09/11/2021 Book
© 2025 KCST. All rights reserved